Niederländische Inseln - Sudden Death - Statistiken

Allgemein
  • Dieses Quiz wurde 112 mal gespielt
  • Das Durchschnittsergebnis liegt bei 6 aus 10
Answers on the Grid
Answers color-coded by a green-red scale on the quiz's grid according to % correct below.
Ameland
Amrum
Antigua
Aruba
Baltrum
Bonaire
Curaçao
Fehmarn
Föhr
Helgoland
Juist
Langeoog
Martinique
Pellworm
Poel
Saba
Schiermonnikoog
Sint Maarten
Spiekeroog
St. Vincent
Terschelling
Texel
Vlieland
Wangerooge
 
Antwortstatistiken
Antwort % Korrekt
Curaçao
68%
Sint Maarten
66%
Ameland
64%
Texel
58%
Aruba
55%
Terschelling
55%
Vlieland
55%
Bonaire
53%
Schiermonnikoog
49%
Saba
40%
Keine übereinstimmenden Quizze gefunden
Verteilung der Resultate
Anzahl Personen mit jedem Resultat
Perzentil nach korrekt beantworteten Fragen
Ihre Resultats-Entwicklung
Sie haben dieses Quiz noch nicht gespielt